|
|
|
|
| LEADER |
00570cam a2200169 7i4500 |
| 001 |
0000025174 |
| 005 |
20101129090000.0 |
| 022 |
0 |
0 |
|a 1750-5109
|
| 090 |
0 |
0 |
|a MEXC 004.6
|b MEX
|
| 245 |
0 |
0 |
|a Mexico information technology Q1 2010 :
|b includes 5-year forecacts to 2014.
|
| 260 |
0 |
0 |
|a London:
|b Business Monitor International,
|c 2010.
|
| 300 |
# |
# |
|a 54 p.
|
| 440 |
0 |
0 |
|a Part of BMI's industry report & forecasts series
|
| 650 |
0 |
0 |
|a Information technology --
|z Mexico
|
| 650 |
0 |
0 |
|a Internet --
|z Mexico
|
| 651 |
0 |
0 |
|a Mexico
|
| 999 |
|
|
|a 0000027311
|b Book
|c Countries
|e Business Information Centre
|